| 000 | 00834nam a2200253Ia 4500 | ||
|---|---|---|---|
| 003 | OSt | ||
| 005 | 20220927105737.0 | ||
| 006 | a|||||r|||| 00| 0 | ||
| 007 | ta | ||
| 008 | 220926b |||||||| |||| 00| 0 eng d | ||
| 024 | _a196645 | ||
| 037 | _cReference Collections | ||
| 040 |
_aRTL _cRTL _beng |
||
| 041 |
_2eng _aeng |
||
| 082 | _a"X31:8J.2r, Q3/GD" | ||
| 110 |
_a"INDIA, COMPTROLLER AND AUDITOR GENERAL OF INDIA" _9374665 |
||
| 245 | 0 |
_aReport _b Union Government (Defence Services). |
|
| 260 |
_a"Delhi," _bMOP |
||
| 490 | _v01455866: 2012-13 No. 18: Medical establishments in defence services. (94p) | ||
| 500 | _aBibliohgraphy: P 221-31 | ||
| 700 |
_a"INDIA, COMPTROLLER AND AUDITOR GENERAL OF INDIA" _9374666 |
||
| 942 |
_h"X31:8J.2r, Q3/GD" _cCC |
||
| 999 |
_c694328 _d694328 |
||